00621nam a2200157 a 4500008004100000050001500041100002000056245005300076246003400129260006300163300001600226350000900242995008000251999001700331952011500348120416s1981 ||||||||||||||||| || u aHC 915 Bel aBell, Michael W10aPrimary production in an unstable economic order athe Zambian economy 1965-1978 aBirminghambThe University of Aston Management Centrc1981 a83p. : ill. a0.00 D0.00FCBU-MAIN LIBRARY (Kitwe)H1I14.50M1UAVAILABLEZZambiana Collection c54455d54455 00102lcc4070a001b001cZambiana Collectiond2022-11-30l0oHC 915 Belp018683r2022-11-30w2022-11-30y002